Age shock: How finance is failing us (Record no. 42871)

MARC details
000 -LEADER
fixed length control field 00285nam a2200109Ia 4500
082 ## - DEWEY DECIMAL CLASSIFICATION NUMBER
Classification number 331.45.4:336
Item number BLA
100 ## - MAIN ENTRY--AUTHOR NAME
Personal name Blackburn, Robin
245 #0 - TITLE STATEMENT
Title Age shock: How finance is failing us
260 ## - PUBLICATION, DISTRIBUTION, ETC. (IMPRINT)
Place of publication New York
Name of publisher Verso
Year of publication 2006
942 ## - ADDED ENTRY ELEMENTS (KOHA)
Koha item type Books
Holdings
Withdrawn status Lost status Damaged status Not for loan Home library Current library Date acquired Cost, normal purchase price Full call number Accession Number Koha item type
        RRII Library RRII Library 16/12/2021 19.90 331.45.4:336 BLA 23135 Books